Making more brownfield land available for housing (Record no. 115373)
[ view plain ]
| 000 -LEADER | |
|---|---|
| fixed length control field | 01704cad a22002535a 4500 |
| 001 - CONTROL NUMBER | |
| control field | L158547 |
| 008 - FIXED-LENGTH DATA ELEMENTS--GENERAL INFORMATION | |
| fixed length control field | 131031s2015 xxk f f 001 0 eng d |
| 035 ## - SYSTEM CONTROL NUMBER | |
| System control number | (Sirsi) u158547 |
| 041 0# - LANGUAGE CODE | |
| Language code of text/sound track or separate title | eng |
| 050 04 - LIBRARY OF CONGRESS CALL NUMBER | |
| -- | 18 |
| 110 2# - MAIN ENTRY--CORPORATE NAME | |
| Corporate name or jurisdiction name as entry element | Royal Institution of Chartered Surveyors |
| 9 (RLIN) | 4900 |
| 245 00 - TITLE STATEMENT | |
| Title | Making more brownfield land available for housing |
| Remainder of title | A case study of Nottingham |
| Medium | [electronic resource] |
| 260 ## - PUBLICATION, DISTRIBUTION, ETC. | |
| Place of publication, distribution, etc. | London |
| Name of publisher, distributor, etc. | RICS |
| Date of publication, distribution, etc. | 2015 |
| 490 #0 - SERIES STATEMENT | |
| Series statement | RICS Research |
| 520 ## - SUMMARY, ETC. | |
| Summary, etc. | Aims to understand the barriers to housing development on brownfield land in Nottingham and to identify public and private sector solutions to encourage more housing development on brownfield land. Nottingham was chosen as the case study city in the belief that it was reasonably representative of other major cities in England outside London. The detailed analysis of 30 brownfield sites in Nottingham, reveal the presence of a wide range of constraints which impact upon housing development. The significant constraints identified include poor market conditions, derelict structures, contamination and underground issues, landownership and difficulties with planning negotiations. The research report also sets out policy recommendations, focussing on aspects of planning and funding, on how to make more brownfield land available for housing. |
| 650 24 - SUBJECT ADDED ENTRY--TOPICAL TERM | |
| Topical term or geographic name entry element | Affordable housing |
| 9 (RLIN) | 6215 |
| 650 24 - SUBJECT ADDED ENTRY--TOPICAL TERM | |
| Topical term or geographic name entry element | BROWNFIELD LAND |
| 651 #4 - SUBJECT ADDED ENTRY--GEOGRAPHIC NAME | |
| Geographic name | United Kingdom |
| 690 ## - LOCAL SUBJECT ADDED ENTRY--TOPICAL TERM (OCLC, RLIN) | |
| Topical term or geographic name as entry element | Planning and development |
| 9 (RLIN) | 6259 |
| 700 1# - ADDED ENTRY--PERSONAL NAME | |
| Personal name | Hutchinson, Norman |
| 700 1# - ADDED ENTRY--PERSONAL NAME | |
| Personal name | Disberry, Alan |
| 856 40 - ELECTRONIC LOCATION AND ACCESS | |
| Uniform Resource Identifier | <a href="https://www.rics.org/profession-standards/knowledge-and-information-services/document-delivery-and-o">https://www.rics.org/profession-standards/knowledge-and-information-services/document-delivery-and-o</a> |
| Public note | email [email protected] to request a copy |
| 942 ## - ADDED ENTRY ELEMENTS (KOHA) | |
| Suppress in OPAC | 0 |
| Withdrawn status | Lost status | Damaged status | Not for loan | Home library | Current library | Shelving location | Date acquired | Total Checkouts | Full call number | Barcode | Date last seen | Copy number | Price effective from | Koha item type | Public note |
|---|---|---|---|---|---|---|---|---|---|---|---|---|---|---|---|
| Virtual | Virtual | Online | 20/04/2015 | SCAN | 158547-2001 | 20/12/2023 | 1 | 06/08/2019 | Online material | Email [email protected] for a copy |